| 000 | 00853aam a2200289 i 4500 | ||
|---|---|---|---|
| 001 | 14511 | ||
| 003 | CO-MdBIC | ||
| 005 | 20210904112104.0 | ||
| 008 | 210904t2005 sp aoc|| |||| 00| 0 eng d | ||
| 020 | _a84-494-2824-6 | ||
| 040 |
_bspa. _aCO-MdFUSB _cCO-MdFUSB _dCO-MdFUSBC _erda |
||
| 041 | _aspa | ||
| 082 | 0 | 4 | _aR 572 G892e |
| 110 | 1 | _aGrupo Oceano | |
| 245 | 1 | 0 |
_aDe la edad del hielo a la civilización : El origen de la humanidad / Grupo Oceano ; Carlos Gispert, José Gay, Directores _c/ |
| 260 | _aBarcelona : Oceano | ||
| 264 | 1 |
_aBarcelona : _c[2005] _bOcéano, |
|
| 264 | 4 | _c© 2005 | |
| 300 |
_a396 Pág. _c; |
||
| 336 |
_2rdacontent _atexto _btxt |
||
| 337 |
_2rdamedia _asin mediación _bn |
||
| 338 |
_2rdacarrier _avolumen _bnc |
||
| 653 | _aEdad de Hielo | ||
| 653 | _aCivilización | ||
| 942 | _cBK | ||
| 945 | _aEstudiante | ||
| 999 |
_c43371 _d43371 |
||